000 00557nam a2200205Ia 4500
003 OSt
005 20230427122852.0
008 210423s2005 xx 000 0 und d
020 _a9788120342224
040 _cA
041 _aeng
082 _a657.48
_223
_bMUKD
100 _aMUKHOPADHYAY (Dinabandhu).
_994023
245 _aFinancial accounting: a managerial perspective.
260 _bAsian Books Pvt Ltd
_c2005
300 _axx,604
_bPB
365 _b325
_cINR
906 _aaccounting: ; Financial ; managerial ; perspective.
942 _2ddc
_cBK
999 _c161206
_d161206